Score 0/11 Timer 08:00
0 Plays Today
% Correct
Germany
80.1%
Guatemala
78.6%
Greece
57.5%
Gabon
49.6%
Georgia
43.2%
Guyana
42.1%
Grenada
41%
Ghana
35.3%
The Gambia
34.6%
Guinea-Bissau
25.9%
Guinea
16.5%

You're not logged in!

Compare scores with friends on all Sporcle quizzes.
OR
Log In

Sporcle TV

Today on Sporcle TV


Watch our educational content, quiz creation guides, and fun videos on Sporcle TV.

Show Comments

Extras

Top Quizzes Today


Score Distribution

Paid Content

Your Account Isn't Verified!

In order to create a playlist on Sporcle, you need to verify the email address you used during registration. Go to your Sporcle Settings to finish the process.

Report this User

Report this user for behavior that violates our Community Guidelines.

Details: